000 00380 a2200145 4500
005 20250625130753.0
020 _a978-1-84480-615-7
082 _a658.3 STO
100 _aSTOREY, J.
245 _aHuman Resource Management: A Critical Text.
250 _a3rd Ed.
260 _aCanada,
_bThomson,
_c2007.
300 _axiv, 292p.: ill.; figure, table
_bIndex
_c25cm
942 _2ddc
_cBKS
999 _c5061
_d5061